Nomme tout les noms de la famille Weasley en 15 secondes - Statistiques

Statistiques générales
  • Ce quiz a été pris 45 fois
    26 depuis la dernière actualisation
  • Le résultat moyen est 7 sur 9
Statistiques - réponses
Hint Réponse % Correct
1 Ron
100%
6 Molly
89%
2 Ginny
83%
3 Fred
78%
4 George
78%
5 Arthur
67%
8 Bill
56%
9 Percy
56%
7 Charlie
44%
Aucun quiz correspondant
Distribution des résultats
% des personnes avec chaque résultat
Percentile par nombre de réponses
Votre historique - résultats
Vous n’avez pas pris ce quiz depuis la dernière actualisation